Studies on the River Nile Vegetation in El Kahira El Kobra /
محفوظ في:
المؤلف الرئيسي:
التنسيق: كتاب
اللغة: Undetermined
منشور في:
2000
الوسوم: إضافة وسم
لا توجد وسوم, كن أول من يضع وسما على هذه التسجيلة!
رقم الطلب: THESIS 43
| LEADER | 00475nam a2200121Ia 4500 | ||
|---|---|---|---|
| 008 | 231023s9999||||xx |||||||||||||| ||und|| | ||
| 050 | 4 | |a THESIS 43 | |
| 100 | 0 | |a Tarek Mohamed Galal Hussein | |
| 245 | 1 | 0 | |a Studies on the River Nile Vegetation in El Kahira El Kobra / |c Tarek Mohamed Galal Hussein. |
| 264 | 1 | |c 2000 | |
| 942 | |2 lcc |c THESES | ||
| 952 | |0 0 |1 0 |2 lcc |4 0 |6 THE S I S43 |7 0 |9 51077 |a ARCE |b ARCE |d 2023-10-23 |l 0 |o THESIS 43 |p 1036094 |r 2023-10-23 00:00:00 |w 2023-10-23 |y THESES | ||
| 999 | |c 54855 |d 54855 | ||
